000 01102cam a2200277 4500
001 ##L133434
008 060508n2006 000 0 eng u
020 _a1860819060
035 _a(Sirsi) u133434
041 0 _aeng
050 0 4 _a693.5 $2 18
100 1 _aNolan, É.
245 0 0 _aReinforced concrete service life design
_boverview
260 _aWatford
_bBRE
_c2006
300 _a8p.
_bill.
_c30cm.
490 0 _aBRE Information Paper
_vIP 3/06 Part 1
520 _aGives an overview of a service life design system for reinforced concrete structures, which has been designed by BRE. Includes best practice guidance for carrying out a client brief, designing for durability and effective execution and maintenance. This is part one of a three-part information paper (see also L133774 and L133435)
590 _aIKA190906
651 4 _aUnited Kingdom
_y
690 _aBUILT ENVIRONMENT-BUILDING MATERIALS-CEMENTITIOUS, CONCRETE AND MINERAL BOUND MATERIALS-CONCRETE
700 1 _aQuillin, K.
700 1 _aNixon, P.
700 1 _aSergi, G.
700 1 _aSomerville, G.
942 _n0
999 _c105396
_d105396